Quizzes
Events
Quiz Creation
Community
Videos
Private Events
Remove Ads
Sign In
Join for FREE
Feedback
Dark Mode
Quiz Categories
Sports
Geography
Music
Movies
Television
Just For Fun
Miscellaneous
History
Literature
Language
Science
Gaming
Entertainment
Religion
Holiday
For Kids
Quiz Lab
Recent
Popular Today
Quiz Kudos Today
Editor Picks
Curator Picks
Quizzes by...
Day
Popularity
Type
Ratings
Length
Year
Community
Subscriptions
Recent Discussions
Orange Saloon
Badges
Playlists
Quests
Create
Leaderboards
Showdown
Live 5
Trivia Bingo
Activity
Puzzle Library
Sporcle Events
Private Events
Virtual Trivia
Globe League
Become a Host
Pub Owners
SporcleCon
Opinionation
Our Games
Videos
Blog
Mobile Apps
Partnerships
Remove Ads and Go Orange
Feedback
Sports
Athletes
MLB
NBA
NHL
NFL
Soccer
Sports Teams
WWE
NCAA
Football
Premier League
Basketball
Baseball
Hockey
Golf
Tennis
Cricket
Rugby
Auto Racing
Olympics
World Cup
Sports
Athletes
MLB
NBA
NHL
NFL
Soccer
Sports Teams
WWE
NCAA
Football
Premier League
Basketball
Baseball
Hockey
Golf
Tennis
Cricket
Rugby
Auto Racing
Olympics
World Cup
Random Quiz
Search Sporcle
×
Quiz Lab
Quiz Lab
Sports
NBA
Type in answers that appear in a list
Type in answers that appear in a list
Classic
Best Score? Go Orange.
Top 30 best NBA players of all time Stats
Can you name the Top 30 best NBA players of all time?
By
jackiedruck
5m
30 Questions
2,240 Plays
2,240 Plays
2,240 Plays
Comments
Comments
Give Quiz Kudos
Give Quiz Kudos
-
- Ratings
hide this ad
Replay
Link that replays current quiz
Next Quiz
Link to next quiz in quiz playlist
You Got
0%
They Got
Avg Score
62%
Avg Friend Score
Upgrade to see
Score Distribution
Jump to the score distribution portion of the page
Score
0/30
Timer
05:00
0
Plays Today
Number
Answer
% Correct
1
Michael Jordan
98.3%
4
Lebron James
93.3%
2
Magic Johnson
88.6%
3
Larry Bird
88.2%
12
Kobe Bryant
88%
6
Wilt Chamberlain
82.1%
10
Shaquille O'neal
79.9%
5
Bill Russell
77.2%
8
Kareem Abdul-Jabbar
73.9%
11
Karl Malone
72.6%
16
Moses Malone
71.6%
14
Tim Duncan
71.2%
17
Jerry West
67.9%
28
Scottie Pippen
65.3%
9
Hakeem Olajuwon
64.6%
Number
Answer
% Correct
13
John Stockton
61.3%
7
Oscar Robertson
59.1%
21
Charles Barkley
55%
27
David Robinson
54.4%
15
Julis Erving
54.2%
24
Patrick Ewing
52%
25
Isiah Thomas
49.7%
26
Bob Cousy
46.4%
18
Elgin Baylor
45.5%
29
Kevin McHale
41.5%
30
Jason Kidd
41.1%
19
John Havlicek
40.8%
20
Bob Pettit
37.5%
23
Elvin Hayes
30.7%
22
Rick Barry
27.4%
Quiz Playlist
Details
Report
Send in Message
Add To Playlist
Classic:
Type in answers that appear in a list
Last Updated: Feb 16, 2017
Quiz Scoreboard
CHALLENGE
Sign Up to Join the Scoreboard
Show All
Scores
Hide
Comments
May contain spoilers
Recently Published
Presidents Visiting Landmarks
by Hejman
History
7m
An Introduction to Baseball
by treessimontrees
Sports
5m
Movies - When Are They Set?
by FPL_Elf
Movies
5m
More to Explore
Quiz From the Vault
Featured Blog Post
Where Did the Easter Bunny Come From?
hide this ad
You Might Also Like...
Tags
Basketball Quiz
NBA Quiz
NBA Draft
NBA Finals
NBA MVP
NBA Player
NBA Playoffs
NBA Points
NBA Teams
Today's Top Quizzes in Sports
Browse Sports
hide this ad
Today's Top Quizzes in NBA
Browse NBA
Top Contributed Quizzes in Sports
1
Les meilleurs buteurs des matchs entre le PSG et l’OM
2
2022 World Cup Stars
3
FIFA Club World Cup Champions
4
Les entraîneurs de l'OM et du PSG au 21e siècle
5
Name the Premier League winners with different clubs
6
La finale Lions - Afrique du Sud 2021
7
5-to-1: UK Sports Teams
8
England Test cricketers to play under Nasser Hussain
9
Players with Multiple 50 Home Run Seasons
10
AFC Teams Reveal (Wrong Answers Minefield)
Explore More
Trending Topics
NBA
Disney
Kpop
Harry Potter
Anime
Marvel
Crossword
Song
Country
Soccer
The Office
Puzzle
WWE
NFL
Pokémon
hide this ad
More By:
jackiedruck
Quiz
Plays
Rating
Category
Featured
Created
Top 30 best NBA players of all time
2,240
1.21
Sports
Aug 22, 2013
Best NBA Player by First Letter of their Last Name 2015
1,221
1.80
Sports
Sep 3, 2014
Best NBA Player of All-Time by their Jersey Number
644
1.00
Sports
Sep 2, 2014
Best Player per NBA 2k14 Team
260
1.00
Sports
Sep 1, 2014
Most All NBA Team Selections
216
3.75
Sports
Apr 11, 2012
Go to Creator's Profile
Score Distribution
Quiz Creator Spotlight
jackiedruck
Follow
Send a Message
Quizzes Created
-
Created Quiz Play Count
-
More By This Creator
Popular Quizzes Today
1
Find the US States - No Outlines Minefield
2
Find the Countries of Europe - No Outlines Minefield
3
The Countries of the World
4
Find the US States
5
Popular People in 1961
6
US States
7
Risky Map Clicking: Biggest States A-Z
8
1-10 Letter E Words III
More Sports Quizzes
'J' Names for Soccer Players
Quiz Lab
Trending Quizzes
Risky Map Clicking: Least Populous States A-Z
1-10 Letter G Words
1-10 Letter F Words
Risky Map Clicking: Next State Alphabetically
Risky Map Clicking: Biggest States A-Z
Recently Updated
Leaping Animals
pecheneg
Reality TV Shows (A-Z)
bhenderson79
Rickey Henderson's Hall of Fame Teammates
pecheneg
Champions League XIs: Arsenal
pecheneg
Quick Pick: Celebrities in WWE's Hall of Fame
aduchscher
A-Z Keypad Blitz II
pecheneg
Multiple Oscar Actors
pecheneg
Mystery Phrase Blitz: Oscar 'Best Actors'
pecheneg
F. Scott Fitzgerald Novels
LTH
Pick 3 Villains
ddd62291
Trending Topics
NBA
Anime
Kpop
Disney
Marvel
Harry Potter
Crossword
Song
WWE
NFL
The Office
Pokémon
Puzzle
Soccer
Country
Your Account Isn't Verified!
In order to create a playlist on Sporcle, you need to verify the email address you used during registration. Go to your
Sporcle Settings
to finish the process.
Report this User
Report this user for behavior that violates our
Community Guidelines
.
Details:
Send Report
Go to the Sporcle.com Mobile Site →
Comments